[Event "Famalicao op 9th"]
[Site "Vila Nova de Famalicao"]
[Date "2022.07.27"]
[Round "6"]
[White "Dias, Ivo Rodrigues"]
[Black "Santos, Jose Miguel Sereno"]
[Result "1-0"]
[WhiteElo "2133"]
[BlackElo "1850"]
[PlyCount "83"]
[EventDate "2022.07.25"]
[EventType "swiss"]
[EventRounds "9"]
[EventCountry "POR"]
[SourceTitle "CBM 209 Extra"]
[Source "ChessBase"]
[SourceDate "2022.09.30"]
[SourceVersion "1"]
[SourceVersionDate "2022.09.30"]
[SourceQuality "1"]

1. e4 c6 2. d4 d5 3. e5 c5 4. dxc5 e6 5. a3 Bxc5 6. b4 Bb6 7. Qg4 Kf8 8. Nf3 Nc6 9. Bb2 Nh6 10. Qf4 a6 11. Bd3 Qe7 12. Nbd2 Bd7 13. 0-0 Rc8 14. c4 Bd8 15. Rfe1 g5 16. Qe3 Ng4 17. Qe2 dxc4 18. Nxc4 Bc7 19. h3 Nh6 20. Bc1 Rg8 21. h4 Ng4 22. Bxg5 Rxg5 23. Nxg5 h5 24. Rac1 b5 25. Nd6 Bxd6 26. exd6 Qxd6 27. g3 Nd4 28. Rxc8+ Bxc8 29. Qe4 f6 30. Nf3 Nxf3+ 31. Qxf3 Qd4 32. Be4 f5 33. Rd1 Qb6 34. Rd2 Ke7 35. Qc3 fxe4 36. Qxc8 Ne5 37. Re2 Nc4 38. Rxe4 Nxa3 39. Rf4 Nc4 40. Qh8 Kd6 41. Rd4+ Kc6 42. Qe8+ 1-0

[Event "Guimaraes 2nd"]
[Site "Guimaraes"]
[Date "2018.10.07"]
[Round "7"]
[White "Santos, Jose Miguel Sereno"]
[Black "Barbosa, Paulo Jorge Pereira"]
[Result "1/2-1/2"]
[WhiteElo "1646"]
[BlackElo "1982"]
[PlyCount "79"]
[EventDate "2018.10.04"]
[EventType "swiss"]
[EventRounds "7"]
[EventCountry "POR"]
[SourceTitle "CBM 186 Extra"]
[Source "ChessBase"]
[SourceDate "2018.08.24"]
[SourceVersion "1"]
[SourceVersionDate "2018.08.24"]
[SourceQuality "1"]

1. e4 c5 2. Nf3 g6 3. c3 Bg7 4. d4 cxd4 5. cxd4 Nf6 6. Nc3 0-0 7. Bc4 Nxe4 8. Nxe4 d5 9. Bxd5 Qxd5 10. Nc3 Qd8 11. h3 Nc6 12. Be3 Nb4 13. a3 Nd5 14. Bg5 h6 15. Bh4 Qa5 16. Qd2 Be6 17. 0-0 Nxc3 18. bxc3 g5 19. Bg3 Rac8 20. Rfc1 Rfd8 21. Qe3 Re8 22. Be5 f6 23. Bc7 Qd5 24. Bg3 Bf7 25. h4 Rc6 26. hxg5 hxg5 27. Nd2 b5 28. a4 bxa4 29. Rxa4 Qd7 30. Rca1 Ra8 31. c4 f5 32. Be5 f4 33. Qe4 Bg6 34. Qd5+ Qxd5 35. cxd5 Rc2 36. Bxg7 Kxg7 37. Nf3 g4 38. Ne5 g3 39. fxg3 Be4 40. R4a2 1/2-1/2

[Event "Guimaraes 2nd"]
[Site "Guimaraes"]
[Date "2018.10.06"]
[Round "5"]
[White "Santos, Jose Miguel Sereno"]
[Black "Ferreira, Hugo Miguel da Cost"]
[Result "1/2-1/2"]
[WhiteElo "1646"]
[BlackElo "2130"]
[PlyCount "61"]
[EventDate "2018.10.04"]
[EventType "swiss"]
[EventRounds "7"]
[EventCountry "POR"]
[SourceTitle "CBM 186 Extra"]
[Source "ChessBase"]
[SourceDate "2018.08.24"]
[SourceVersion "1"]
[SourceVersionDate "2018.08.24"]
[SourceQuality "1"]

1. e4 c5 2. Nf3 a6 3. c3 e6 4. d4 d5 5. e5 Bd7 6. Bd3 Bb5 7. Bxb5+ axb5 8. dxc5 Bxc5 9. b4 Bb6 10. Na3 Ne7 11. Nxb5 0-0 12. 0-0 Nbc6 13. Re1 Nf5 14. a3 d4 15. Nbxd4 Ncxd4 16. cxd4 Bxd4 17. Nxd4 Qxd4 18. Rb1 Rfd8 19. Bb2 Qf4 20. Qc1 Qg4 21. h3 Qh4 22. Rd1 Rdc8 23. Qd2 Qe4 24. Rbc1 h6 25. Re1 Rxc1 26. Qxc1 Qd5 27. Rd1 Qe4 28. Re1 Qd5 29. Rd1 Qb3 30. Rd7 b5 31. Qd2 1/2-1/2

[Event "Famalicao op 6th"]
[Site "Famalicao"]
[Date "2018.08.01"]
[Round "5"]
[White "Palhas, Miguel Branco"]
[Black "Santos, Jose Miguel Sereno"]
[Result "0-1"]
[WhiteElo "1373"]
[BlackElo "1622"]
[PlyCount "86"]
[EventDate "2018.07.29"]
[EventType "swiss"]
[EventRounds "9"]
[EventCountry "POR"]
[SourceTitle "CBM 185 Extra"]
[Source "ChessBase"]
[SourceDate "2018.07.29"]
[SourceVersion "1"]
[SourceVersionDate "2018.07.29"]
[SourceQuality "1"]

1. e4 c6 2. d4 d5 3. exd5 cxd5 4. Nf3 Nc6 5. Bf4 Nf6 6. Nbd2 Bg4 7. Be2 Rc8 8. Nb3 e6 9. 0-0 Be7 10. h3 Bf5 11. Rc1 0-0 12. Nh4 Bg6 13. Nxg6 hxg6 14. c4 dxc4 15. Bxc4 Nd5 16. Bg3 Bf6 17. Qg4 Nb6 18. Rfd1 Nxc4 19. Rxc4 Qe7 20. Bf4 Rfd8 21. Be3 a6 22. Qe4 Rd5 23. Rc5 Rxc5 24. Nxc5 Rd8 25. f4 Nxd4 26. Rxd4 Bxd4 27. Bxd4 Rd5 28. Nb3 Qb4 29. Kf2 a5 30. Ke3 Qe1+ 31. Kf3 Qd1+ 32. Ke3 Qe1+ 33. Kf3 Qf1+ 34. Ke3 Qg1+ 35. Kf3 Qf1+ 36. Ke3 Qb5 37. Qd3 Qd7 38. Qc4 g5 39. g3 gxf4+ 40. gxf4 Rh5 41. Qf1 Qd5 42. Qf3 Qf5 43. Qg4 Rxh3+ 0-1

[Event "Famalicao op 6th"]
[Site "Famalicao"]
[Date "2018.07.31"]
[Round "4"]
[White "Santos, Jose Miguel Sereno"]
[Black "Martins, Diogo Faria Oliveir"]
[Result "0-1"]
[WhiteElo "1622"]
[BlackElo "1952"]
[PlyCount "62"]
[EventDate "2018.07.29"]
[EventType "swiss"]
[EventRounds "9"]
[EventCountry "POR"]
[SourceTitle "CBM 185 Extra"]
[Source "ChessBase"]
[SourceDate "2018.07.29"]
[SourceVersion "1"]
[SourceVersionDate "2018.07.29"]
[SourceQuality "1"]

1. e4 c5 2. Nf3 g6 3. c3 Bg7 4. d4 cxd4 5. cxd4 d5 6. e5 Bg4 7. Bb5+ Nd7 8. Nbd2 e6 9. 0-0 Ne7 10. h3 Bxf3 11. Qxf3 0-0 12. Bxd7 Qxd7 13. Nb3 b6 14. Bg5 Rac8 15. Qd3 Nc6 16. Qd2 a5 17. Rac1 Rc7 18. Rc3 Rfc8 19. Nc1 a4 20. Ne2 Bf8 21. Rfc1 Na5 22. Rxc7 Rxc7 23. Rxc7 Qxc7 24. Qc3 Qc4 25. Qxc4 dxc4 26. Bd8 a3 27. bxa3 Bxa3 28. Bxb6 Nc6 29. Kf1 Bb4 30. Ng1 c3 31. Ke2 c2 0-1

[Event "Famalicao op 6th"]
[Site "Famalicao"]
[Date "2018.07.30"]
[Round "3"]
[White "Petkov, Vladimir"]
[Black "Santos, Jose Miguel Sereno"]
[Result "1-0"]
[WhiteElo "2494"]
[BlackElo "1622"]
[PlyCount "57"]
[EventDate "2018.07.29"]
[EventType "swiss"]
[EventRounds "9"]
[EventCountry "POR"]
[SourceTitle "CBM 185 Extra"]
[Source "ChessBase"]
[SourceDate "2018.07.29"]
[SourceVersion "1"]
[SourceVersionDate "2018.07.29"]
[SourceQuality "1"]

1. d4 d5 2. c4 dxc4 3. e4 e5 4. Nf3 exd4 5. Bxc4 Bc5 6. Qb3 Qe7 7. 0-0 Nd7 8. e5 Nb6 9. Bg5 Qf8 10. Bxf7+ Qxf7 11. Qb5+ c6 12. Qxc5 Be6 13. Nxd4 Bd5 14. Nc3 h6 15. Bh4 g5 16. Bg3 Nc4 17. Nxd5 Qxd5 18. Qxd5 cxd5 19. b3 Nd2 20. Rfc1 Rh7 21. f3 h5 22. Be1 Nxf3+ 23. gxf3 Nh6 24. Bd2 g4 25. Bxh6 Rxh6 26. f4 h4 27. Rc7 b6 28. Rac1 h3 29. Nf5 1-0

[Event "POR-ch U16"]
[Site "Luso"]
[Date "2018.03.25"]
[Round "3"]
[White "Camacho, Diogo Fernandes Bri"]
[Black "Santos, Jose Miguel Sereno"]
[Result "1-0"]
[WhiteElo "1391"]
[BlackElo "1654"]
[PlyCount "87"]
[EventDate "2018.03.24"]
[EventType "swiss"]
[EventRounds "7"]
[EventCountry "POR"]
[SourceTitle "EXT 2019"]
[Source "ChessBase"]
[SourceDate "2018.10.10"]
[SourceVersion "1"]
[SourceVersionDate "2018.10.10"]
[SourceQuality "1"]

1. e4 c6 2. d4 d5 3. e5 c5 4. c3 Nc6 5. f4 e6 6. Nf3 Bd7 7. Be2 Nge7 8. 0-0 Nf5 9. g4 Nh6 10. h3 Qc7 11. Be3 Qb6 12. Qd2 0-0-0 13. Nh4 Be7 14. g5 Nf5 15. Nxf5 exf5 16. Na3 h6 17. h4 hxg5 18. hxg5 Rh7 19. Bf3 Be6 20. Kf2 Kb8 21. Rh1 Rhh8 22. dxc5 Bxc5 23. Bxc5 Qxc5+ 24. Qe3 Qxe3+ 25. Kxe3 Rxh1 26. Rxh1 a6 27. Nc2 Kc7 28. Rh7 g6 29. Nd4 Nxd4 30. Kxd4 b6 31. a4 Kb8 32. Rh1 Kc7 33. Ra1 Rd7 34. a5 b5 35. Rd1 Kc6 36. b3 Kc7 37. Kc5 Kb8 38. Bxd5 Rc7+ 39. Kb6 Bc8 40. Bc6 Re7 41. Rd8 Re6 42. Rf8 Re7 43. Bd5 Rc7 44. c4 1-0

[Event "Guimaraes op"]
[Site "Guimaraes"]
[Date "2017.09.03"]
[Round "3"]
[White "Santos, Jose Miguel Sereno"]
[Black "Silva, Jose Lucas Ferreira"]
[Result "1-0"]
[WhiteElo "1573"]
[BlackElo "1045"]
[PlyCount "67"]
[EventDate "2017.09.02"]
[EventType "swiss"]
[EventRounds "7"]
[EventCountry "POR"]
[SourceTitle "CBM 180 Extra"]
[Source "ChessBase"]
[SourceDate "2017.10.06"]
[SourceVersion "1"]
[SourceVersionDate "2017.10.06"]
[SourceQuality "1"]

1. e4 e5 2. Nf3 Nc6 3. c3 Bc5 4. d4 exd4 5. cxd4 Bb4+ 6. Nc3 Nf6 7. e5 Nd5 8. Bd2 Nxc3 9. bxc3 Be7 10. Bb5 d5 11. 0-0 Bg4 12. h3 Bh5 13. Re1 0-0 14. Bf4 Bg5 15. Bxg5 Qxg5 16. Nxg5 Bxd1 17. Raxd1 f6 18. Ne6 Rf7 19. exf6 gxf6 20. Nf4 a6 21. Ba4 b5 22. Bb3 Ne7 23. Rxe7 Rxe7 24. Bxd5+ Kf8 25. Bxa8 Re8 26. Bb7 a5 27. Bc6 Rb8 28. Rb1 Ke7 29. Rxb5 Rxb5 30. Bxb5 Kd6 31. c4 c6 32. Ba4 c5 33. dxc5+ Kxc5 34. Bb5 1-0

[Event "Famalicao op 5th"]
[Site "Famalicao"]
[Date "2017.07.31"]
[Round "4"]
[White "Santos, Jose Miguel Sereno"]
[Black "Sousa, David Oliva Teles"]
[Result "1-0"]
[WhiteElo "1487"]
[BlackElo "1246"]
[PlyCount "81"]
[EventDate "2017.07.29"]
[EventType "swiss"]
[EventRounds "9"]
[EventCountry "POR"]
[SourceTitle "EXT 2018"]
[Source "ChessBase"]
[SourceDate "2017.10.13"]
[SourceVersion "1"]
[SourceVersionDate "2017.10.13"]
[SourceQuality "1"]

1. e4 e5 2. Nf3 Nc6 3. c3 d5 4. Qa4 Nf6 5. Nxe5 Bd7 6. Nxd7 Qxd7 7. d3 Qe6 8. Nd2 0-0-0 9. Be2 Re8 10. 0-0 dxe4 11. dxe4 Nxe4 12. Nxe4 Qxe4 13. Qxe4 Rxe4 14. Bf3 Rc4 15. Bd5 Rc5 16. Bxf7 Bd6 17. Be3 Rb5 18. b4 Re5 19. a4 Rf8 20. Ba2 Rh5 21. h3 g5 22. Be6+ Kb8 23. Bg4 Rh6 24. Bxg5 Rg6 25. Be3 Ne5 26. Bh5 Rgg8 27. Kh1 Nd7 28. Rad1 Nf6 29. Bf3 Re8 30. b5 Bg3 31. Bxa7+ Kxa7 32. fxg3 Rxg3 33. Kh2 Rg6 34. a5 Re5 35. c4 Rc5 36. b6+ cxb6 37. axb6+ Kxb6 38. Rb1+ Ka5 39. Rxb7 Rxc4 40. Ra1+ Ra4 41. Ra7+ 1-0

[Event "Famalicao op 5th"]
[Site "Famalicao"]
[Date "2017.07.29"]
[Round "1"]
[White "Ider, Borya"]
[Black "Santos, Jose Miguel Sereno"]
[Result "1-0"]
[WhiteElo "2473"]
[BlackElo "1487"]
[PlyCount "77"]
[EventDate "2017.07.29"]
[EventType "swiss"]
[EventRounds "9"]
[EventCountry "POR"]
[SourceTitle "EXT 2018"]
[Source "ChessBase"]
[SourceDate "2017.10.13"]
[SourceVersion "1"]
[SourceVersionDate "2017.10.13"]
[SourceQuality "1"]

1. d4 d5 2. Nf3 Nf6 3. g3 c6 4. Bg2 e6 5. 0-0 Nbd7 6. c4 dxc4 7. Qc2 Be7 8. Nbd2 0-0 9. Nxc4 c5 10. Rd1 cxd4 11. Nxd4 Nd5 12. e4 N5b6 13. Be3 Nxc4 14. Qxc4 Bf6 15. Rac1 Qa5 16. Qb5 Qb6 17. Qa4 a6 18. Nf5 Qb5 19. Qxb5 axb5 20. Nd6 Ne5 21. f4 Nc4 22. Nxc4 bxc4 23. e5 Be7 24. Rxc4 Rd8 25. Rxd8+ Bxd8 26. b3 Kf8 27. a4 Ke8 28. Rb4 Rb8 29. Ba7 Ra8 30. Bc5 Ra5 31. Be3 b5 32. Bc6+ Bd7 33. Bxd7+ Kxd7 34. Rd4+ Ke8 35. Rxd8+ Kxd8 36. Bb6+ Kc8 37. Bxa5 bxa4 38. bxa4 Kb7 39. Kf2 1-0

[Event "POR-ch U14"]
[Site "Luso"]
[Date "2017.04.09"]
[Round "3"]
[White "Santos, Jose Miguel Sereno"]
[Black "Rego, Joao Rui Farias Soa"]
[Result "0-1"]
[WhiteElo "1512"]
[BlackElo "1584"]
[PlyCount "96"]
[EventDate "2017.04.08"]
[EventType "swiss"]
[EventRounds "8"]
[EventCountry "POR"]
[SourceTitle "EXT 2018"]
[Source "ChessBase"]
[SourceDate "2017.10.13"]
[SourceVersion "1"]
[SourceVersionDate "2017.10.13"]
[SourceQuality "1"]

1. e4 c5 2. Nf3 d6 3. Bb5+ Nd7 4. 0-0 g6 5. Re1 Bg7 6. c3 a6 7. Bf1 Ngf6 8. d4 cxd4 9. cxd4 0-0 10. Nc3 e5 11. h3 Re8 12. Be3 b5 13. dxe5 Nxe5 14. Nxe5 dxe5 15. Bg5 Bb7 16. Qb3 Qb6 17. Rad1 Qe6 18. Qb4 Red8 19. Bxf6 Bxf6 20. a3 Rd4 21. Qc5 Rad8 22. Rxd4 exd4 23. Nb1 d3 24. Qb4 Rd4 25. Qd2 Rxe4 26. Rxe4 Qxe4 27. Nc3 Bxc3 28. Qxc3 Qd5 29. Qxd3 Qxd3 30. Bxd3 f5 31. f3 f4 32. h4 Kf7 33. Be4 Bxe4 34. fxe4 Ke6 35. Kf2 a5 36. b3 b4 37. a4 h6 38. Ke2 g5 39. hxg5 hxg5 40. Kd3 Ke5 41. Kc4 g4 42. Kd3 g3 43. Kd2 Kxe4 44. Ke2 f3+ 45. gxf3+ Kf4 46. Ke1 Kxf3 47. Kf1 Ke3 48. Kg2 Kd3 0-1

[Event "Famalicao op 4th"]
[Site "Famalicao"]
[Date "2016.08.03"]
[Round "5"]
[White "Azevedo, Carlos Filipe Salva"]
[Black "Santos, Jose Miguel Sereno"]
[Result "0-1"]
[WhiteElo "1223"]
[BlackElo "1469"]
[PlyCount "78"]
[EventDate "2016.07.30"]
[EventType "swiss"]
[EventRounds "7"]
[EventCountry "POR"]
[SourceTitle "CBM 173 Extra"]
[Source "ChessBase"]
[SourceDate "2016.08.29"]
[SourceVersion "1"]
[SourceVersionDate "2016.08.29"]
[SourceQuality "1"]

1. e4 c6 2. d4 d5 3. Nd2 dxe4 4. Nxe4 Nd7 5. Nf3 Ngf6 6. Nxf6+ Nxf6 7. Bd3 e6 8. 0-0 Be7 9. c3 0-0 10. Re1 Bd7 11. Bc2 c5 12. dxc5 Bxc5 13. Be3 Bxe3 14. Rxe3 Bc6 15. Rd3 Qc7 16. Qe1 Be4 17. Rd2 Bxc2 18. Rxc2 Rad8 19. Rd1 h6 20. Rcd2 a6 21. Rxd8 Rxd8 22. Rxd8+ Qxd8 23. Qd2 Qa5 24. b4 Qc7 25. g3 Nd5 26. a3 Qxc3 27. Qxc3 Nxc3 28. Ne5 Nb1 29. Nd7 Nxa3 30. Nc5 Nc2 31. Nxb7 Nxb4 32. Nc5 a5 33. Kf1 Kf8 34. Ke2 Ke7 35. Kd2 Nd5 36. Kc2 Nb6 37. Kb3 Kf6 38. Nb7 a4+ 39. Kb4 Ke5 0-1

[Event "Famalicao op 4th"]
[Site "Famalicao"]
[Date "2016.08.02"]
[Round "4"]
[White "Santos, Jose Miguel Sereno"]
[Black "Macedo, Adriano Esteves"]
[Result "0-1"]
[WhiteElo "1469"]
[BlackElo "1906"]
[PlyCount "100"]
[EventDate "2016.07.30"]
[EventType "swiss"]
[EventRounds "7"]
[EventCountry "POR"]
[SourceTitle "CBM 173 Extra"]
[Source "ChessBase"]
[SourceDate "2016.08.29"]
[SourceVersion "1"]
[SourceVersionDate "2016.08.29"]
[SourceQuality "1"]

1. e4 c5 2. Nf3 d6 3. Bb5+ Nd7 4. 0-0 Ngf6 5. Re1 a6 6. Bf1 e6 7. c3 b5 8. d4 Bb7 9. Bd3 Be7 10. Bg5 h6 11. Bh4 Qb6 12. Bc2 Rd8 13. Nbd2 g5 14. Bg3 Nh5 15. Nb3 Nxg3 16. hxg3 e5 17. Qe2 Bf6 18. dxc5 Nxc5 19. Nxc5 dxc5 20. Rad1 Ke7 21. c4 Rxd1 22. Rxd1 Rd8 23. Rxd8 Kxd8 24. Bd3 b4 25. b3 Qd6 26. Bb1 Kc7 27. Qd3 Qe7 28. Nh2 h5 29. Nf1 Qd6 30. Ne3 Qxd3 31. Bxd3 Bd8 32. f3 Bc8 33. g4 h4 34. Kh2 Kd6 35. Nd5 Bd7 36. Bb1 a5 37. Ne3 a4 38. Bc2 a3 39. Kh3 Be6 40. Nd5 Be7 41. Bd3 Bxd5 42. exd5 e4 43. Bxe4 Ke5 44. g3 hxg3 45. Kxg3 Kd4 46. Bf5 Kc3 47. f4 Bd6 48. Kf3 Bxf4 49. Ke4 Kb2 50. Bd7 Kxa2 0-1

[Event "Famalicao op 4th"]
[Site "Famalicao"]
[Date "2016.07.30"]
[Round "2"]
[White "Santos, Jose Miguel Sereno"]
[Black "Novais, Carlos Joao Fernand"]
[Result "0-1"]
[WhiteElo "1469"]
[BlackElo "2080"]
[PlyCount "104"]
[EventDate "2016.07.30"]
[EventType "swiss"]
[EventRounds "7"]
[EventCountry "POR"]
[SourceTitle "CBM 173 Extra"]
[Source "ChessBase"]
[SourceDate "2016.08.29"]
[SourceVersion "1"]
[SourceVersionDate "2016.08.29"]
[SourceQuality "1"]

1. e4 e6 2. d4 d5 3. Nd2 Nf6 4. e5 Nfd7 5. Bd3 c5 6. c3 Nc6 7. Ne2 cxd4 8. cxd4 f6 9. exf6 Nxf6 10. 0-0 Bd6 11. Nf3 Qc7 12. Nc3 a6 13. a3 0-0 14. Re1 Bd7 15. Bg5 h6 16. Bh4 Nh5 17. Bg6 Nf4 18. Bc2 Be8 19. Bg3 Rf6 20. Ne2 Bh5 21. Nxf4 Bxf4 22. Qd3 Bg6 23. Qd1 Bh5 24. Qd3 Bxf3 25. gxf3 g5 26. Re2 Qf7 27. Kg2 Ne7 28. Qb3 Ng6 29. Bxg6 Rxg6 30. Rg1 Rf8 31. Qd3 Rf6 32. Rf1 Kh8 33. Rc2 h5 34. h3 Qg7 35. Rg1 Rg8 36. Kh2 Rgf8 37. Rc3 g4 38. Bxf4 Rxf4 39. hxg4 Rxd4 40. Qe3 e5 41. Kh3 hxg4+ 42. fxg4 Rdf4 43. Rb3 e4 44. Rg3 Rxf2 45. Qc3 d4 46. Qc5 Qh7+ 47. Qh5 Qxh5+ 48. gxh5 R2f3 49. Kg2 Rxg3+ 50. Kxg3 e3 51. Rxb7 e2 52. Re7 d3 0-1

[Event "POR-ch U14"]
[Site "Luso"]
[Date "2016.07.23"]
[Round "5"]
[White "Encarnacao, Filipe Alexandre D"]
[Black "Santos, Jose Miguel Sereno"]
[Result "0-1"]
[WhiteElo "1269"]
[BlackElo "1469"]
[PlyCount "70"]
[EventDate "2016.07.20"]
[EventType "swiss"]
[EventRounds "7"]
[EventCountry "POR"]
[SourceTitle "EXT 2018"]
[Source "ChessBase"]
[SourceDate "2017.10.13"]
[SourceVersion "1"]
[SourceVersionDate "2017.10.13"]
[SourceQuality "1"]

1. e4 c6 2. Nc3 d5 3. Nf3 Nf6 4. e5 Ne4 5. Nxe4 dxe4 6. Ng5 Qd5 7. f4 exf3 8. Nxf3 Bg4 9. d4 e6 10. Be2 c5 11. Be3 cxd4 12. Qxd4 Qxd4 13. Bxd4 Nc6 14. Bb5 a6 15. Bxc6+ bxc6 16. 0-0 Be7 17. Nd2 0-0 18. Nc4 Be2 19. Nd6 Bxf1 20. Rxf1 Rfd8 21. Bc5 f6 22. Rd1 fxe5 23. Rd3 Rab8 24. b4 g6 25. a3 Rd7 26. Ne4 Bxc5+ 27. Nxc5 Rxd3 28. cxd3 Kf7 29. Kf2 Rb5 30. Nxa6 Kf6 31. Nc5 Kf5 32. Kf3 h5 33. h4 Rb8 34. g3 Ra8 35. a4 Rb8 0-1

[Event "POR-ch U14"]
[Site "Luso"]
[Date "2016.07.21"]
[Round "2"]
[White "Antunes, Andre Rafael"]
[Black "Santos, Jose Miguel Sereno"]
[Result "0-1"]
[WhiteElo "1235"]
[BlackElo "1469"]
[PlyCount "68"]
[EventDate "2016.07.20"]
[EventType "swiss"]
[EventRounds "7"]
[EventCountry "POR"]
[SourceTitle "EXT 2018"]
[Source "ChessBase"]
[SourceDate "2017.10.13"]
[SourceVersion "1"]
[SourceVersionDate "2017.10.13"]
[SourceQuality "1"]

1. e4 c6 2. d4 d5 3. Nc3 dxe4 4. Nxe4 Nd7 5. Qe2 e6 6. Bf4 Ndf6 7. Bg5 Qxd4 8. Nxf6+ Nxf6 9. Rd1 Qxb2 10. Nf3 Bb4+ 11. c3 Bxc3+ 12. Nd2 0-0 13. Qe3 Rd8 14. Bd3 Bd4 15. Qf3 Qc3 16. Kf1 h6 17. Bf4 Be5 18. Nb1 Qb2 19. Bh7+ Kxh7 20. Rxd8 Qxb1+ 21. Rd1 Qb5+ 22. Ke1 Bxf4 23. Qxf4 b6 24. g4 Ba6 25. Qf3 Qe5+ 26. Qe3 Qa5+ 27. Rd2 Rd8 28. Kd1 Qxd2+ 29. Qxd2 Rxd2+ 30. Kxd2 Nxg4 31. f3 Nf6 32. Rc1 c5 33. a3 Nd5 34. Re1 Kg6 0-1